00996cam a22002771a 45000010005000000030008000050050017000130080039000300350018000690350019000870400041001060410008001470820014001551000040001692450120002092500012003292600043003413000027003845040022004116500049004336500043004827000028005259420012005539990015005659520138005804855BD-RjUL20211208233951.0131223s1948 nyu 001 0 eng a(BD-RjUL)4890 a(OCoLC)4026426 aDLCcTxLTdMoSU-LdDLCdBD-RjULbeng aeng a347 bKEA1 aKellor, Frances,d1873-1952.91531010aAmerican arbitration :bits history, functions and achievements /cby Frances Kellor ; foreword by James R. Angell. a1st ed. aNew York :bHarper & Brothers,cc1948. axiii, 262 p. ;c22 cm. aIncludes indexes. 0aArbitration and awardzUnited States.914622 0aArbitration and awardzAmerica.9153111 aAngell, James R.915312 2ddccBK c4855d4855 00102ddc40718NFICaRUCLbRUCLcreadingd1958-02-24eU. S. I. S. Daccal0o347 KEA 1948r2013-12-23 00:00:00tC-1w2013-12-23yBK